Convention on Access to Information, Public Participation in Decision-making and Access to Justice in Environmental Matters (Record no. 5951)

MARC details
000 -LEADER
fixed length control field 00597nas a22001937i 4500
001 - CONTROL NUMBER
control field 6363
003 - CONTROL NUMBER IDENTIFIER
control field OSt
005 - DATE AND TIME OF LATEST TRANSACTION
control field 20170216211008.0
007 - PHYSICAL DESCRIPTION FIXED FIELD--GENERAL INFORMATION
fixed length control field tu
008 - FIXED-LENGTH DATA ELEMENTS--GENERAL INFORMATION
fixed length control field 161220s1999 xxu||||| |||| 00| 0 d
020 ## - INTERNATIONAL STANDARD BOOK NUMBER
International Standard Book Number 9210163370
024 7# - OTHER STANDARD IDENTIFIER
Standard number or code 6363
Source of number or code RID
024 7# - OTHER STANDARD IDENTIFIER
Standard number or code 6363
Source of number or code RSN (alt)
040 ## - CATALOGING SOURCE
Transcribing agency OSt
110 2# - MAIN ENTRY--CORPORATE NAME
Corporate name or jurisdiction name as entry element Economic Commission for Europe
245 00 - TITLE STATEMENT
Title Convention on Access to Information, Public Participation in Decision-making and Access to Justice in Environmental Matters
260 ## - PUBLICATION, DISTRIBUTION, ETC.
Place of publication, distribution, etc. New York, Geneva :
Name of publisher, distributor, etc. United Nation Publication,
Date of publication, distribution, etc. 1999.
500 00 - GENERAL NOTE
General note Conference, Aarhus, Denmark, 25 June 1998
942 ## - ADDED ENTRY ELEMENTS (KOHA)
Koha item type Paper
Holdings
Withdrawn status Lost status Damaged status Not for loan Home library Current library Shelving location Date acquired Inventory number Total Checkouts Barcode Date last seen Price effective from Koha item type
        WIIW WIIW Library 08/04/2004 6363   10001858 01/26/2017 01/26/2017 Paper
The Vienna Instiute for International Economic Studies (wiiw)